|
|
|
|
| LEADER |
01097nam a2200289 a 4500 |
| 001 |
3824417 |
| 008 |
090531s1991 si a b 001 0 eng d |
| 010 |
|
|
|a 86020230
|
| 020 |
|
|
|a 981020552x
|
| 020 |
|
|
|a 9810205538
|
| 040 |
|
|
|a DLC
|c DLC
|d DLC
|
| 082 |
0 |
0 |
|a 530.1/3
|2 19
|
| 245 |
0 |
0 |
|a Mathematical problems of statistical mechanics and dynamics :
|b a collection of papers /
|c edited by Ya. G. Sinal.
|
| 260 |
|
|
|a Singapore:
|a New Jersey:
|a London;
|b World Scientific,
|c c1991.
|
| 300 |
|
|
|a xiv, 353 p. :
|b ill. ;
|c 25 cm.
|
| 362 |
|
|
|a vol.2
|
| 490 |
1 |
|
|a Advanced series in nonlinear dynamics.
|
| 504 |
|
|
|a Includes bibliographies and indexes.
|
| 541 |
1 |
|
|e 00014654
|
| 650 |
|
0 |
|a Statistical mechanics.
|
| 650 |
|
0 |
|a Dynamics.
|
| 650 |
|
0 |
|a Stochastic processes.
|
| 650 |
|
0 |
|a Mathematical physics.
|
| 700 |
1 |
|
|a Sinal,Ya. G.
|
| 852 |
4 |
|
|a Ayesha Abed Library
|j General Shelf.
|
| 999 |
|
|
|c 1060
|d 1060
|
| 952 |
|
|
|0 0
|1 0
|2 ddc
|4 0
|6 530_130000000000000_MAT
|7 0
|9 960
|a BRACUL
|b BRACUL
|c GEN
|d 2009-06-24
|g 0.00
|l 0
|o 530.13 MAT
|p 3010014654
|r 2009-06-24
|t 1
|w 2009-06-24
|y BK
|x No price found in the accession register.
|